00334nam a2200133Ia 4500003000900000008004100009040001300050040001300063100002900076245006000105260002100165300000800186490000600194IT-RoPAU120407s9999 xx 000 0 und d aIT-RoPAU cIT-RoPAU aJean Marie Roger Tillard aDavanti a Dio e per il mondo: il progetto dei religiosi aEdizioni Paoline c cm v1